00462 a2200169 4500001000700000003000400007005001700011008004100028020001800069082001600087100002500103245008100128260003700209300001000246653002200256653001400278147017OSt20210910152525.0  a9780230536982 a321.8bP19D1 aPapadopoulos, Yannis1 aDemocracy in crisis : politics governance and policycby Yannis Papadopoulos aLondonbPalgrave Macmillanc2013 a296p. aPolitical science aDemocracy